| 000 | 02283cam a22004935a 4500 | ||
|---|---|---|---|
| 001 | 15232809 | ||
| 003 | ARRUPE | ||
| 005 | 20140121020010.0 | ||
| 008 | 080325s2007 iaua 000 0 eng d | ||
| 010 | _a 2008295275 | ||
| 020 | _a9780757545344 | ||
| 020 | _a0757545343 | ||
| 035 | _a(OCoLC)ocn174049072 | ||
| 040 |
_aMNW _cMNW _dMNW _dBTCTA _dBAKER _dDLC |
||
| 042 | _alccopycat | ||
| 050 |
_aPN4121 _b.399 2007 |
||
| 100 | 1 |
_aSchwartzman, Roy, _d1960- _91497 |
|
| 245 | 1 | 0 |
_aFundamentals of oral communication / _cRoy Schwartzman. |
| 260 |
_aDubuque, Ia. : _bKendall Hunt Publishing Co., _c2007. |
||
| 300 |
_aviii, 575 p. : _bill. ; _c23 cm. |
||
| 504 | _aContains bibliographical references and index. | ||
| 505 | 0 | _aFoundations of communication -- Confident and competent communication -- Listening -- Verbal Communication -- Nonverbal communication -- Supporting materials and research techniques -- Organization and outlining -- Presentation aids -- Speakers, speeches, and audiences -- Informative presentations -- Persuasive presentations -- Interpersonal relationships -- Managing conversations and conflicts -- Interviewing -- Small group communication -- Group roles and behaviors. | |
| 508 | _aContributors, Frank Baudino, Bob Bohlken, John Fisher, Ruthann Fox-Hines, Melody Hubbard, Carolyn Johnson, Joe Kreizinger, Kimberly S. Kuny, Lori Mardis, Bayo Oludaja, Sarah G. Park, Connie Jo Ury, Matt Walker, Sarah M. Wilde, Patricia J. Wyatt. | ||
| 650 | 0 |
_aOral communication _vTextbooks. _91498 |
|
| 650 | 0 |
_aCommunication _zUnited States. _91499 |
|
| 700 | 1 |
_aBaudino, Frank. _91500 |
|
| 700 | 1 |
_aBohlken, Robert L. _91501 |
|
| 700 | 1 |
_aFisher, John. _91502 |
|
| 700 | 1 |
_aFox-Hines, Ruthann. _91503 |
|
| 700 | 1 |
_aHubbard, Melody. _91504 |
|
| 700 | 1 |
_aJohnson, Carolyn. _91505 |
|
| 700 | 1 |
_aKreizinger, Joe. _91506 |
|
| 700 | 1 |
_aKuny, Kimberly S. _91507 |
|
| 700 | 1 |
_aMardis, Lori. _91508 |
|
| 700 | 1 |
_aOludaja, Bayo. _91509 |
|
| 700 | 1 |
_aPark, Sarah G. _91510 |
|
| 700 | 1 |
_aUry, Connie Jo. _91511 |
|
| 700 | 1 |
_aWalker, Matt. _91512 |
|
| 700 | 1 |
_aWilde, Sarah M. _91513 |
|
| 700 | 1 |
_aWyatt, Patricia J. _91514 |
|
| 906 |
_a0 _bibc _ccopycat _d2 _encip _f20 _gy-gencatlg |
||
| 942 |
_2lcc _cMONOGRAPH _04 |
||
| 999 |
_c118104 _d118104 |
||